Normal view
MARC view
- Prime ministers' spouses
Entry Topical Term
001 - CONTROL NUMBER
- control field: 127519
003 - CONTROL NUMBER IDENTIFIER
- control field: NUST
005 - DATE AND TIME OF LATEST TRANSACTION
- control field: 20250113133940.0
008 - FIXED-LENGTH DATA ELEMENTS
- fixed length control field: 250113|| aca||aabn | a|a d
040 ## - CATALOGING SOURCE
- Original cataloging agency: NUST
- Transcribing agency: NUST
150 ## - HEADING--TOPICAL TERM
- Topical term or geographic name entry element: Prime ministers' spouses
- Geographic subdivision: India
- Form subdivision: Biography
670 ## - SOURCE DATA FOUND
- Source citation: Work cat.: (NUST)0: Kidwai, Rasheed. 127516, Sonia: a Biography /, 2003.
